Sanatorio de San José para enfermos mentales (Ciempozuelos-Madrid) de la Orden Hospitalaria de San Juan de Dios (Record no. 133096)

MARC details
000 -LEADER
campo de control de longitud fija 00742nam a2200169 4500
001 - NÚMERO DE CONTROL
campo de control 133096
003 - IDENTIFICADOR DE NÚMERO DE CONTROL
campo de control ES-MaACL
005 - FECHA Y HORA DE LA ÚLTIMA TRANSACCIÓN
campo de control 20240511063034.0
007 - CAMPO FIJO DE DESCRIPCIÓN FÍSICA--INFORMACIÓN GENERAL
campo de control de longitud fija t|
008 - DATOS DE LONGITUD FIJA--INFORMACIÓN GENERAL
campo de control de longitud fija 070214s1927 sp r ||||1| spa d
100 1# - ENTRADA PRINCIPAL--NOMBRE DE PERSONA
Nombre de persona Rubiano Herrera, Santos,
Fechas asociadas al nombre 1871-1930
9 (RLIN) 100312
245 10 - MENCIÓN DEL TÍTULO
Título Sanatorio de San José para enfermos mentales (Ciempozuelos-Madrid) de la Orden Hospitalaria de San Juan de Dios
Resto del título : memoria sobre el estado actual y la evolución del establecimiento desde 1876... /
Mención de responsabilidad, etc. por D. Santos Rubiano Herrera.
260 ## - PUBLICACIÓN, DISTRIBUCIÓN, ETC.
Lugar de publicación, distribución, etc. Madrid :
Nombre del editor, distribuidor, etc. [s. n.],
Fecha de publicación, distribución, etc. 1927 (
Fabricante Imp. del Asilo de Huerfános del S. C. de Jesús)
300 ## - DESCRIPCIÓN FÍSICA
Extensión 90 p., 8 lám. :
Otras características físicas il. ;
Dimensiones 28 cm +
Material acompañante/anejo 1 map. pleg.
852 ## - LOCALIZACIÓN
Ubicación ES-MaACL
Número de control de estantería 1668-F-23
Holdings
Estatus retirado Estado de pérdida Estado de daño No para préstamo Colección Biblioteca de origen Biblioteca actual Ubicación en estantería Fecha de adquisición Fuente de adquisición Total de préstamos Signatura topográfica completa Código de barras Visto por última vez Precio de reemplazo Tipo de ítem Koha
        Colección de folletos Biblioteca del Ateneo de Madrid Biblioteca del Ateneo de Madrid Depósito folletos 17/01/2008     1668-F-23 1138561 23/02/2023 23/02/2023 Folleto